| 000 | nam a22 7a 4500 | ||
|---|---|---|---|
| 999 |
_c127442 _d127442 |
||
| 008 | 180118b xxu||||| |||| 00| 0 eng d | ||
| 050 |
_aBX320.2 _b.M46 |
||
| 245 |
_aInitiation a la theologie byzantine _bl'histoire et la doctrine _cMeyendorff, Jean |
||
| 260 |
_aParis _bLes Editions Du Cerf _c1975 |
||
| 300 |
_a320p. ; _c22cm. |
||
| 650 |
_aOrthodox Eastern Church _xTheology, Doctrinal _938716 |
||
| 942 |
_2lcc _cMONOGRAPH |
||